01997nam a2200349 i 4500003000900000005001700009007000300026008004100029020001800070040003000088041000800118082002600126100004100152245017100193250002200364264009800386300002800484336002700512337003300539338002800572500007300600500005700673504004100730505042800771590002601199651006201225651006301287910001501350942001401365952025101379999001701630DO-SdBNP20260212083001.0ta250424b2010 pr ||||| |||| 00| 0 spa d a9781932766134 aDO-SdBNPbspacBNPHUerda aspa 4a320.9729305bS4472221 aSeda Prado, Jorge,eautor4aut.998710aAl rescate de la patria :blos intelectuales y el discurso político-cultural en la República Dominicana en la época postrujillista 1960-1970 /cJorge Seda Prado aPrimera edición 4aArecibo, Puerto Rico :bCentro de Estudios Iberoamericanos:bLibrería la Tertulia,c©2010. a271 páginas ;c22 cm. atextobtxt2rdacontent asin mediaciónbn2rdamedia avolumenbnc2rdacarrier aIncluye referencias bibliográficas y notas al pie de las páginas aIncluye datos biográficos del autor en las solapas aBibliografía : páginas 265- 271 aEl intelectual en la modernidad -- El intelectual latinoamericano del siglo XX -- Raza, lucha de clases y modernidad en el pensamiento de Hugo Tolentino Dipp -- Nación, integración racial y modernidad en le pensamiento de Franklin Franco Pichard -- Mestizaje, identidad cultural y modernización en el pensamiento de Carlos Esteban Deive -- Antiimperialismo, nación y modernidad en el pensamiento de Roberto Cassá. aInventariado, 2025/BT 7aRepública DominicanaxPolítica y gobiernoy1961-9204 7aRepública DominicanaxVida intelectual ySiglo XX912419 aBtavárez 2ddccLBS1 00102ddc56708PDaBNPHUbBNPHUcHDd2025-04-24eDonado por la Presidencia de la República Dominicana 2023.l0oBNPHU PD 320.9729305 S447ap2025-3600r2025-04-24w2025-04-24yLBS1zPertenecio a la bilioteca personal de Emilio Cordero Michel. c58790d58790